000 00503nam a2200181Ia 4500
999 _c22717
_d22717
003 OSt
005 20200210103444.0
008 190216s9999||||xx |||||||||||||| ||und||
020 _a8182711134
040 _coclc
082 _a297
_bKAB/M
100 _aKabeer, V A
_91846
245 0 _aMarubhoomiyude Vachanaprasadam /
_cV A Kabeer
260 _bIslamic Publishing House,
_aKozhikode:
300 _a62
650 _aIslamic History
942 _cBK
_2ddc
_h297
_iKAB/M
_k297
_mKAB/M